000
00214nam a22000977a 4500
003
SGT
245
_a
JOURNAL OF THE AMERICAN MEDICAL ASSOCIATION
260
_b
CONTINUOUS PUB AMERICA
300
_a
905
942
_2
ddc
_c
BV
999
_c
19062
_d
19062